00444 a2200145 4500010001400000020002600014035001400040037000900054082000800063100002400071245004500095260003600140270010200176300002000278 aENG144135 a978817564494Xc350.00 aEN-127667 bDBAD14a4851 aTripathi, Raj Kumar1 aStudents Grammer/cby Raj Kumar Tripathi aDelhibSahni Publicationsc2014 a4777, Mitra Gali, Roshanara Road,bDelhie110 007k23822006, 23820751msahni@sahnipublication.com a311pc22cm (Hb)